000 00379nam a2200145Ia 4500
008 230711s9999||||xx |||||||||||||| ||und||
041 _aENG
082 _a624
_bVA-L
100 _aVassilyev,VA
245 0 _aLagrange and legendre characteristic classes
250 _a1st . Ed.
260 _c1988
_aNew Delhi
_bGalgotia Publications Pvt.Ltd
650 _aArchitecture
942 _cBK
999 _c3520
_d3520